Jazyky sveta /

Gespeichert in:
Bibliographische Detailangaben
Hauptverfasser: Krupa, Viktor (Verfasst von), Genzor, Jozef (Verfasst von), Drozdík, Ladislav (Verfasst von)
Format: Buch
Sprache:Slowakisch
Veröffentlicht: Bratislava : Obzor, 1983
Tags: Tag hinzufügen
Keine Tags, Fügen Sie das erste Tag hinzu!

MARC

LEADER 00000nam a22000003a 4500
001 stu17875
005 20150617225756.0
008 910718s1983----cs------------------slo-d
040 |a STU  |b slo 
041 0 |a slo 
044 |a cs 
080 |a 802/809 
100 1 |a Krupa, Viktor  |4 aut 
245 1 |a Jazyky sveta /  |c [aut.]Krupa,Viktor, Genzor,Jozef, Drozdík,Ladislav 
260 |a Bratislava :  |b Obzor,  |c 1983 
300 |a 507 s :  |b Lit.,register 
500 |a Malá moderná encyklopédia 
700 1 |a Genzor, Jozef  |4 aut 
700 1 |a Drozdík, Ladislav  |4 aut 
996 |b C88179  |c C*88179  |l CCXVII  |s P  |a 0  |w stu17875_0001